Visual acoustics (Record no. 352602)
[ view plain ]
| 000 -LEADER | |
|---|---|
| fixed length control field | 01763 a2200301 4500 |
| 003 - CONTROL NUMBER IDENTIFIER | |
| control field | OSt |
| 005 - DATE AND TIME OF LATEST TRANSACTION | |
| control field | 20180116192339.0 |
| 008 - FIXED-LENGTH DATA ELEMENTS--GENERAL INFORMATION | |
| fixed length control field | 120524t xxu||||| |||| 00| 0 eng d |
| 020 ## - INTERNATIONAL STANDARD BOOK NUMBER | |
| International Standard Book Number | 142298138X |
| 024 1# - OTHER STANDARD IDENTIFIER | |
| Standard number or code | 767685218495 |
| 028 42 - PUBLISHER NUMBER | |
| Publisher number | 767685218495 |
| Source | NEW VIDEO GROUP |
| 040 ## - CATALOGING SOURCE | |
| Transcribing agency | 0 |
| 082 ## - DEWEY DECIMAL CLASSIFICATION NUMBER | |
| Classification number | 778.94092 |
| 245 10 - TITLE STATEMENT | |
| Title | Visual acoustics |
| Medium | [videorecording] : |
| Remainder of title | the modernism of julius shulman / |
| Statement of responsibility, etc. | Dustin Hoffman. |
| 260 ## - PUBLICATION, DISTRIBUTION, ETC. | |
| Place of publication, distribution, etc. | : |
| Name of publisher, distributor, etc. | NEW VIDEO GROUP, |
| Date of publication, distribution, etc. | 2010. |
| 300 ## - PHYSICAL DESCRIPTION | |
| Extent | 1 videodisc (83 min.) : |
| Other physical details | sd., col ; |
| Dimensions | 4 3/4 in. |
| 511 1# - PARTICIPANT OR PERFORMER NOTE | |
| Participant or performer note | Starring Dustin Hoffman. |
| 520 ## - SUMMARY, ETC. | |
| Summary, etc. | Narrated by Dustin Hoffman, VISUAL ACOUSTICS celebrates the life and career of Julius Shulman, the world s greatest architectural photographer, whose images brought modern architecture to the American mainstream. Shulman captured the work of nearly every major modern and progressive architect since the 1930s including Frank Lloyd Wright, Richard Neutra, John Lautner and Frank Gehry. His images epitomized the singular beauty of Southern California s modernist movement and brought its iconic structures to the attention of the general public. This unique film is both a testament to the evolution of modern architecture and a joyful portrait of the magnetic, whip-smart gentleman who chronicled it with his unforgettable images. |
| 538 ## - SYSTEM DETAILS NOTE | |
| System details note | Color, DVD, NTSC. |
| 600 ## - SUBJECT ADDED ENTRY--PERSONAL NAME | |
| Personal name | Shulman, Julius |
| 9 (RLIN) | 1911 |
| 650 ## - SUBJECT ADDED ENTRY--TOPICAL TERM | |
| Topical term or geographic name entry element | Photography of interiors |
| 9 (RLIN) | 1912 |
| 650 ## - SUBJECT ADDED ENTRY--TOPICAL TERM | |
| Topical term or geographic name entry element | Architectural photography |
| 9 (RLIN) | 1913 |
| 650 ## - SUBJECT ADDED ENTRY--TOPICAL TERM | |
| Topical term or geographic name entry element | Architecture, Modern |
| 9 (RLIN) | 1914 |
| 700 1# - ADDED ENTRY--PERSONAL NAME | |
| Personal name | Hoffman, Dustin. |
| 9 (RLIN) | 1915 |
| 856 40 - ELECTRONIC LOCATION AND ACCESS | |
| Materials specified | Amazon.com |
| Uniform Resource Identifier | <a href="http://www.amazon.com/exec/obidos/ASIN/B00366BBU8/chopaconline-20">http://www.amazon.com/exec/obidos/ASIN/B00366BBU8/chopaconline-20</a> |
| 942 ## - ADDED ENTRY ELEMENTS (KOHA) | |
| Institution code [OBSOLETE] | SADA |
| Koha item type | |
| Call number prefix | CD 778.94092 BRA 2010 |
| Source of classification or shelving scheme | |
| Withdrawn status | Lost status | Source of classification or shelving scheme | Damaged status | Not for loan | Permanent Location | Current Location | Date acquired | Total Checkouts | Full call number | Barcode | Date last seen | Date last checked out | Cost, replacement price | Price effective from | Koha item type |
|---|---|---|---|---|---|---|---|---|---|---|---|---|---|---|---|
| School of Art Design and Architecture (SADA) | School of Art Design and Architecture (SADA) | 02/03/2011 | 5 | CD 778.94092 BRA 2010 | SADA0000582 | 10/29/2025 | 10/28/2025 | 2575.00 | 08/05/2011 |
